banner-ar

سحر مصر : (Record no. 65703)

MARC details
000 -الفاتح
حقل البيانات ثابتة الطول 01108nam a22002537a 4500
005 - وقت وتاريخ اخر تعامل مع التسجيلة
رقم الضبط 20240530110839.0
008 - عناصر البيانات ثابتة الطول - معلومات عامة
حقل البيانات ثابتة الطول 191215s2002 ua f b 000 0aara d
017 ## - رقم الايداع القانونى
رقم الايداع القانونى 2005/4706
المصدر ( الهيئة المختصة) مصر. دار الكتب
040 ## - مصدر الفهرسة
وكالة الفهرسة الأصلية EG-CaGPL
وكالة النسخ EG-CaGPL
082 04 - رقم تصنيف ديوى العشرى
رقم الطبعة 21
رقم التصنيف 916.2
رقم المادة ق / ر س
100 0# - المدخل الرئيسى - إسم شخصى
الإسم الشخصى رشاد رشدى
245 10 - بيان العنوان
العنوان سحر مصر :
بقية العنوان (فى كتابات الرحالة الانجليز فى القرن التاسع عشر ) /
بيان المسئوليه,etc تاليف رشاد رشدى ؛ ترجمة جمال الجزيرى ؛ مراجعة وتقديم فاطمة موسى
250 ## - بيان الطبعة
بيان الطبعة ط .1
260 ## - PUBLICATION, DISTRIBUTION, ETC. (IMPRINT)
تاريخ النشر أو التوزيع 2002
300 ## - الوصف المادى
التعداد 69 ص . ؛
أبعاد الوعاء 24 سم .
490 #0 - بيان السلسلة
عنوان السلسلة المشروع القومى للترجمة ؛
رقم المجلد/ التعيين التسلسلي 346
504 ## - تبصرة ببليوجرافية
تبصرة ببليوجرافية,الخ يشمل على ارجاعات ببليوجرافية
650 07 - المدخل الاضافى بالموضوع-مصطلح موضوعى
مصدر الرأس أو المصطلح qrmak
مصطلح موضوعي الرحالة
التقسيم الفرعي الجغرافي مصر
651 07 - المدخل الاضافى بالموضوع - اسم جغرافى
مصدر الرأس أو المصطلح qrmak
الاسم الجغرافي مصر
التقسيم الفرعي العام وصف ورحلات
700 0# - المدخل الاضافى - اسم شخصى
الإسم الشخصى جمال الجزيرى
الدور مترجم
700 0# - المدخل الاضافى - اسم شخصى
الإسم الشخصى فاطمة موسى
الدور مراجع ومقدم
942 ## - عناصر المدخل الإضافي( كوها)
مصدر التصنيف او مخطط الترفيف Dewey Decimal Classification
Koha [default] item type كتاب
260 ## - PUBLICATION, DISTRIBUTION, ETC. (IMPRINT)
-- القاهرة :
-- المجلس الاعلى للثقافة،
Holdings
حالة التراجع حالة الفقد حالة تلف ليس للاعارة المكان المؤقت الموقع الحالى موقع الترفيف تاريخ الاكتساب اجمالي اﻻعارات رقم الطلب الباركود تاريخ اخر مشاهدة تاريخ تفعيل السعر نوع وعاء كوها
        مكتبة القاهرة الكبرى مكتبة القاهرة الكبرى   12/15/2019   916.2 ق / ر س 166814 12/15/2019 12/15/2019 كتاب

Powered By

EGPV